| 000 | 01667ngm a22004090a 4500 | ||
|---|---|---|---|
| 001 | PT16674 | ||
| 003 | AR-LpoUNG | ||
| 005 | 20210202000221.0 | ||
| 007 | vd cvaizq | ||
| 008 | 191001s1997||||ag |||||||||||||||||eng d | ||
| 037 | _c$8.3 | ||
| 040 |
_aAR-LpoUNG _bspa _cAR-LpoUNG _eaacr |
||
| 041 |
_aeng _aspa |
||
| 044 | _aag | ||
| 082 | 0 | _a954.03 883gan | |
| 100 | 1 |
_aAttenborough, Richard _edir. |
|
| 245 | 1 | 0 | _aGandhi |
| 260 |
_aLa Rioja : _bLk-Tel, _c1997. |
||
| 300 | _aVHS (180 min.) : son., col. | ||
| 505 | 0 | _aDialogos en inglés, subtítulos en castellano | |
| 520 | _aGandhi es ese ser casi sobrehumano que le ganó a la violencia con paz. El tiempo dirá si liberó a su país o lo entregó a una esclavitud peor. Fue necesario un hombre extraordinario para derrotar un Imperio y liberar una nación de 350 millones de almas. El éxito de Richard Attenborough que le valió 8 Oscar de la Academia relata la vida de Gandhi, una de las figuras monumentales del siglo XX. Comenzó su carrera como abogado y luego de años de lucha por sus ideales se convirtió en un Mesías moderno. Usando resistencia pasiva liberó a India y terminó con la intervención británica. | ||
| 650 | 4 | _aBIOGRAFIAS | |
| 650 | 4 | _aCOLONIALISMO | |
| 650 | 4 | _aCOLONIAS | |
| 650 | 4 | _aDESCOLONIZACION | |
| 650 | 4 | _aINDEPENDENCIA | |
| 650 | 4 | _aINDIA | |
| 650 | 4 | _aLIBERACION | |
| 650 | 4 | _aMOVIMIENTOS SOCIALES | |
| 651 | 4 | _aIndia | |
| 653 | _aVIDEOS | ||
| 710 | 2 | _aColumbia Pictures (firma comercial) | |
| 710 | 2 | _aInternational Film (firma comercial) | |
| 710 | 2 | _aWildcrest Films International (firma comercial) | |
| 905 | _a16674 | ||
| 942 | _cVIDEO | ||
| 999 |
_c54368 _d54368 |
||